| 000 | 00345nam a22001457a 4500 | ||
|---|---|---|---|
| 005 | 20181006121643.0 | ||
| 008 | 181006b xxu||||| |||| 00| 0 eng d | ||
| 041 | _aeng | ||
| 100 |
_aDey,Dr. N.C _94879 |
||
| 245 | _aMining and Engineering Management | ||
| 260 |
_aDhanbad _bLovely _c2012 |
||
| 300 | _a258 | ||
| 650 |
_aMining _94880 |
||
| 942 | _cBK | ||
| 999 |
_c5749 _d5747 |
||